German States (German) - Statistiken

Allgemein
  • Dieses Quiz wurde 675 mal gespielt
  • Das Durchschnittsergebnis liegt bei 14 aus 16
Antwortstatistiken
Hint Antwort % Korrekt
BE Berlin
98%
BY Bayern
97%
HH Hamburg
96%
HB Bremen
91%
HE Hessen
91%
SN Sachsen
91%
TH Thüringen
91%
NI Niedersachsen
90%
NW Nordrhein-Westfalen
87%
BB Brandenburg
86%
MV Mecklenburg-Vorpommern
86%
SL Saarland
86%
ST Sachsen-Anhalt
86%
SH Schleswig-Holstein
86%
RP Rheinland-Pfalz
84%
BW Baden-Württemberg
76%
Keine übereinstimmenden Quizze gefunden
Verteilung der Resultate
Anzahl Personen mit jedem Resultat
Perzentil nach korrekt beantworteten Fragen
Ihre Resultats-Entwicklung
Sie haben dieses Quiz noch nicht gespielt